[Event "Dundee & Angus op Major"]
[Site "Dundee"]
[Date "2014.10.12"]
[Round "5"]
[White "Waddell, Alec M"]
[Black "Pearson, Walter"]
[Result "0-1"]
[WhiteElo "1284"]
[BlackElo "1454"]
[PlyCount "81"]
[EventDate "2014.10.10"]
[EventType "swiss"]
[EventRounds "5"]
[EventCountry "SCO"]
[SourceTitle "EXT 2017"]
[Source "ChessBase"]
[SourceDate "2016.10.25"]
[SourceVersion "1"]
[SourceVersionDate "2016.10.25"]
[SourceQuality "1"]

1. e4 e5 2. Nf3 Nc6 3. d4 exd4 4. Bc4 Bc5 5. c3 Nf6 6. 0-0 Nxe4 7. Re1 d5 8. Bd3 0-0 9. Bxe4 dxe4 10. Rxe4 dxc3 11. Nxc3 Bf5 12. Rc4 Qxd1+ 13. Nxd1 Bb6 14. Be3 Bxe3 15. Nxe3 Be6 16. Rc3 f6 17. b3 Rad8 18. h3 Rf7 19. Rcc1 Rfd7 20. Rd1 Nb4 21. Rxd7 Rxd7 22. a3 Nd5 23. b4 Nxe3 24. fxe3 Kf7 25. Nd4 c6 26. Rc1 Bd5 27. Kf2 g6 28. g4 a6 29. h4 Be4 30. Kg3 g5 31. hxg5 fxg5 32. Rf1+ Kg6 33. Rc1 Rd5 34. Rc3 Re5 35. Kf2 a5 36. Rc5 Rxc5 37. bxc5 Bd5 38. Nf5 Kf6 39. Nd6 a4 40. Nxb7 Ke5 41. Nd6 0-1

[Event "Dundee & Angus op Major"]
[Site "Dundee"]
[Date "2014.10.11"]
[Round "3"]
[White "Waddell, Alec M"]
[Black "Sawaryn, Steve"]
[Result "1-0"]
[WhiteElo "1284"]
[BlackElo "1453"]
[PlyCount "53"]
[EventDate "2014.10.10"]
[EventType "swiss"]
[EventRounds "5"]
[EventCountry "SCO"]
[SourceTitle "EXT 2017"]
[Source "ChessBase"]
[SourceDate "2016.10.25"]
[SourceVersion "1"]
[SourceVersionDate "2016.10.25"]
[SourceQuality "1"]

1. e4 c5 2. d4 cxd4 3. c3 dxc3 4. Nxc3 e6 5. Nf3 Bb4 6. Bc4 Ne7 7. 0-0 Bxc3 8. bxc3 0-0 9. Ba3 Nbc6 10. Bd6 a6 11. a4 b6 12. Qc2 Bb7 13. Rfd1 Na5 14. Bd3 g6 15. Qd2 Kg7 16. Qf4 f6 17. e5 f5 18. Qh4 Ng8 19. Bxf8+ Qxf8 20. Bxa6 Bc6 21. Bb5 Qe7 22. Qxe7+ Nxe7 23. Bxc6 Nexc6 24. Rxd7+ Kh6 25. Rb7 Rc8 26. Rxb6 g5 27. h3 1-0

[Event "Dundee & Angus Major"]
[Site "Dundee"]
[Date "2013.10.12"]
[Round "2"]
[White "Watt, Callum"]
[Black "Waddell, Alec M"]
[Result "1/2-1/2"]
[WhiteElo "1556"]
[BlackElo "1374"]
[PlyCount "100"]
[EventDate "2013.10.11"]
[EventType "swiss"]
[EventRounds "5"]
[EventCountry "SCO"]
[SourceTitle "EXT 2023"]
[Source "ChessBase"]
[SourceDate "2022.10.05"]
[SourceVersion "1"]
[SourceVersionDate "2022.10.05"]
[SourceQuality "1"]

1. e4 e5 2. Nf3 Nc6 3. Bb5 a6 4. Bxc6 dxc6 5. 0-0 Bg4 6. h3 h5 7. Re1 Bxf3 8. Qxf3 Qd7 9. Qe3 Ne7 10. Nc3 Ng6 11. d3 Bb4 12. Bd2 Ba5 13. Kh1 Bb6 14. Qg3 h4 15. Qf3 0-0-0 16. Be3 Bxe3 17. Qxe3 Kb8 18. Ne2 Qe7 19. f4 exf4 20. Nxf4 Nxf4 21. Qxf4 g5 22. Qf5 f6 23. Rf1 Rd6 24. Rf2 Qe5 25. Qxe5 fxe5 26. Rf5 Re6 27. Rxg5 Rf8 28. Rf5 Rxf5 29. exf5 Rf6 30. Rf1 Kc8 31. Kh2 Kd7 32. g4 hxg3+ 33. Kxg3 Ke7 34. Kg4 Rf8 35. f6+ Kf7 36. Kf5 Rh8 37. Rf3 Rh5+ 38. Ke4 Rg5 39. Rf2 Rh5 40. Rf3 Rg5 41. Ke3 Rg2 42. Rf2 Rg3+ 43. Ke4 Rg5 44. h4 Rg4+ 45. Kxe5 Rxh4 46. c4 Rh3 47. Kd4 Rh4+ 48. Kc3 Rh6 49. Kd4 Rxf6 50. Rxf6+ Kxf6 1/2-1/2